Statistiques concernant TOP 10 activités corny de Solal et Rebecca

Cliquez ici pour prendre le quiz!

Statistiques générales

  • Ce quiz a été pris 4 fois
  • Le résultat moyen est 6 sur 8

Statistiques - réponses

Classement subjectif du plus ou moins corny/caricatural/wolah c trop carrément on diraitRéponse% Correct
4 (la même subhannallah)coucher ensemble dans des toilettes de train parce qu'on peut juste plus attennnnnndre c'est maintenant là tout de suite et pas un autre moment...
100%
1dessiner foncedé dans un parc, c'est trop fun 🍃🎸
100%
3 (nn wolah c l'feu sah gros respect sur vous)s'embrasser sous molly parce que putain faut la vivre à fond cette putain de vie
100%
bon là j'avoue j'ai déconné j'crois c'est moi la galère smrrrse dire je t'aime
67%
5s'envoyer ses notes et reflexions introspectives personnelles, l'un caractérisé par sa "spontanéité" d'écriture, l'autre par la recherche d'une certaine qualité d'écriture (en tout cas revendiqué par le premier)
67%
2se prendre en photo parce qu'on est trop stylé avec un regard un peu bressom en contre bas de l'objectif 🤟🤟
67%
6dessiner des mignonnes petites caricatures à glisser gentiment dans la coque de téléphone l'un de l'autre pour penser 7j/7j à l'autre ^^
33%
7s'envoyer des playlists avec des noms en mode trop artsy
33%

Distribution des résultats

Percentile par nombre de réponses

% des personnes avec chaque résultat

Votre développement - résultats

Vous n’avez pas pris ce quiz